Le Canada - Statistiques

Statistiques générales
  • Ce quiz a été pris 159 fois
  • Le résultat moyen est 11 sur 15
Statistiques - réponses
Question Réponse % Correct
Combien le Canada possède de provinces et de territoires? 10 pro. et 3 ter.
100%
En quelle année a été crée le Canada? 1867
100%
Qui est le dirigeant du Canada, aujourd'hui? Justin Trudeau
100%
Quelle est la capitale du Canada actuelle? Ottawa
100%
Comment appelle t-on le dirigeant du Canada? Premier ministre
100%
Quelle est la dernière province à avoir rejoint le Canada? Terre-Neuve et Labrador
100%
Quel territoire n'en est pas un? Terre-Neuve et Labrador
100%
Quel âge a le Canada, un an après qu'il ait été créé? 1
67%
Quelle est la province ou le territoire qui ne touche à aucune autre? Île-du-Prince-Édouard
67%
Quelle est la lettre que deux provinces possèdent comme première lettre? N
67%
Quel est le dernier territoire à avoir rejoint le Canada? Nunavut
67%
Combien de provinces y avait-il lorsque le Canada a été crée? 4
33%
Quel est l'océan qui ne touche pas au Canada? Antarctique
33%
Quelle est la première capitale du Canada? Ottawa
33%
Quel est le nom original du Canada? Dominion du Canada
0%
Aucun quiz correspondant
Distribution des résultats
% des personnes avec chaque résultat
Percentile par nombre de réponses
Votre historique - résultats
Vous n’avez pas pris ce quiz